000 00616nam a22002297a 4500
003 UA-OsUOA
001 30524
007 ta
008 20041111b un ||||| |||| 00| 0 ukr d
090 _a82.09(470+571)
_bС16
942 _cBK
040 _aUA-OsUOA
_brus
_cUA-OsUOA
_dUA-OsUOA
245 _aСалтыков-Щедрин 1826-1976
_bСтатьи, материалы, библиография
_cРед. А.С.Бушмин
300 _a439 с.
955 _a0
041 _arus
080 _a82.09(470+571)
260 _aМосква
_bНаука
_c1976
044 _aRU
650 7 _2UDC
999 _c316936
_d316936